General Knowledge PMoneySwagg - Statistics

General Stats
  • This quiz has been taken 6 times
  • The average score is 8 of 15
Answer Stats
Hint Answer % Correct
Bangladesh is located in what continent? Asia
80%
What is the most eaten fruit in the world? Banana
80%
College or Pro? College
80%
What team looks mentally challenged when on the offensive side of the ball? Iowa
80%
Camera Man? Jack Dinsdale
80%
Joel Embiid is from what country? Cameroon
60%
Best March Madness “I will be an accountant in a year” player Doug Edert
60%
Act of eating lots of variety of food and videoing it? Mukbang
60%
Longest Recorded Swamp Donk? 506 feet
40%
What is the second best holiday? D-Day
40%
What 1999 movie changes the way you look at life? Fight Club
40%
If you were to live anywhere in the US, where would it be? Alaska
20%
Who is the best MHS basketball assistant of all time? John Amons
20%
World renowned song “Love me Sexy” is from what movie? Semi-Pro
20%
Best way to enjoy grapes? With Pancakes
20%
No matching quizzes found
Score Distribution
Percent of People with Each Score
Percentile by Number Answered
Your Score History
You have not taken this quiz